Análisis de las aguas sulfhídricas frías de los manantiales de Esteibar y Bolibar de Escoriaza... / (Record no. 22175)

MARC details
000 -LEADER
campo de control de longitud fija 00942nam a2200217 i 4500
001 - NÚMERO DE CONTROL
campo de control 22175
003 - IDENTIFICADOR DE NÚMERO DE CONTROL
campo de control ES-MaACL
005 - FECHA Y HORA DE LA ÚLTIMA TRANSACCIÓN
campo de control 20230906152637.0
007 - CAMPO FIJO DE DESCRIPCIÓN FÍSICA--INFORMACIÓN GENERAL
campo de control de longitud fija t|
008 - DATOS DE LONGITUD FIJA--INFORMACIÓN GENERAL
campo de control de longitud fija 030128s1879 sp ||||1| spa d
100 1# - ENTRADA PRINCIPAL--NOMBRE DE PERSONA
Nombre de persona Bonet y Bonfill, Magín.
9 (RLIN) 30137
245 10 - MENCIÓN DEL TÍTULO
Título Análisis de las aguas sulfhídricas frías de los manantiales de Esteibar y Bolibar de Escoriaza... /
Mención de responsabilidad, etc. por Magin Bonet y Manuel Saenz Diez ; indicaciones sobre sus virtudes medicinales por... Rafael Martínez y Molina.
260 ## - PUBLICACIÓN, DISTRIBUCIÓN, ETC.
Lugar de publicación, distribución, etc. Madrid :
Nombre del editor, distribuidor, etc. [s.n.],
Fecha de publicación, distribución, etc. 1879 (
Fabricante Aribau)
300 ## - DESCRIPCIÓN FÍSICA
Extensión 52 p. ;
Dimensiones 21 cm.
530 ## - NOTA DISPONIBLE DE FORMULARIO FÍSICO ADICIONAL
Nota de formato físico adicional disponible Disponible también en sitio web.
650 ## - PUNTO DE ACCESO ADICIONAL DE MATERIA--TÉRMINO DE MATERIA
Término de materia o nombre geográfico como elemento de entrada Aguas minerales-
Subdivisión geográfica País Vasco.
9 (RLIN) 172296
700 1# - ENTRADA AGREGADA--NOMBRE PERSONAL
Nombre de persona Sáenz Díez, Manuel.
9 (RLIN) 101327
700 0# - ENTRADA AGREGADA--NOMBRE PERSONAL
Nombre de persona Martínez y Molina, Rafael.
9 (RLIN) 78484
852 ## - LOCALIZACIÓN
Ubicación ES-MaACL
Número de control de estantería T-341-F-6
856 ## - LOCALIZACIÓN Y ACCESO ELECTRÓNICOS
Identificador Uniforme de Recursos <a href="http://bibliotecadigitalhispanica.bne.es:80/webclient/DeliveryManager?pid=1680554&custom_att_2=simple_viewer">http://bibliotecadigitalhispanica.bne.es:80/webclient/DeliveryManager?pid=1680554&custom_att_2=simple_viewer</a>
Nota pública Ir a la página
Holdings
Estatus retirado Estado de pérdida Estado de daño No para préstamo Colección Biblioteca de origen Biblioteca actual Ubicación en estantería Fecha de adquisición Fuente de adquisición Total de préstamos Signatura topográfica completa Código de barras Visto por última vez Precio de reemplazo Tipo de ítem Koha
        Colección de folletos Biblioteca del Ateneo de Madrid Biblioteca del Ateneo de Madrid Depósito folletos 17/01/2008     T-341-F-6 1022811 23/02/2023 23/02/2023 Folleto